000 00790nam a2200217 i 4500
001 23544
003 ES-MaACL
005 20230906152907.0
007 t|
008 021211s1901 sp |||| |dspa d
080 _a929:37 Alas, Leopoldo
100 1 _aBuylla y González Alegre, Adolfo A.,
_d1850-1927
_932991
245 1 0 _aElogio y juicio de Leopoldo Alas como educador
_b: discurso inaugural leído en la Universidad de Oviedo /
_cAdolfo Álvarez Buylla y González Alegre.
260 _aOviedo :
_b[s.n.,
_c1901]
300 _a49 p. ;
_c17 cm.
594 _aPrecede al tít.: Universidad Literaria de Oviedo.
600 1 4 _aAlas, Leopoldo,
_d1852-1901
_9226375
710 2 _aUniversidad Literaria de Oviedo.
_97389
852 _aES-MaACL
_jT-1023-F-7
999 _c23544
_d23544